|
|
|
|
| LEADER |
02538nam a22005415i 4500 |
| 001 |
978-3-319-49175-2 |
| 003 |
DE-He213 |
| 005 |
20161111022118.0 |
| 007 |
cr nn 008mamaa |
| 008 |
161109s2016 gw | s |||| 0|eng d |
| 020 |
|
|
|a 9783319491752
|9 978-3-319-49175-2
|
| 024 |
7 |
|
|a 10.1007/978-3-319-49175-2
|2 doi
|
| 040 |
|
|
|d GrThAP
|
| 050 |
|
4 |
|a QA76.9.A25
|
| 072 |
|
7 |
|a UR
|2 bicssc
|
| 072 |
|
7 |
|a UTN
|2 bicssc
|
| 072 |
|
7 |
|a COM053000
|2 bisacsh
|
| 082 |
0 |
4 |
|a 005.8
|2 23
|
| 245 |
1 |
0 |
|a Information Theoretic Security
|h [electronic resource] :
|b 9th International Conference, ICITS 2016, Tacoma, WA, USA, August 9-12, 2016, Revised Selected Papers /
|c edited by Anderson C.A. Nascimento, Paulo Barreto.
|
| 264 |
|
1 |
|a Cham :
|b Springer International Publishing :
|b Imprint: Springer,
|c 2016.
|
| 300 |
|
|
|a VIII, 301 p. 28 illus.
|b online resource.
|
| 336 |
|
|
|a text
|b txt
|2 rdacontent
|
| 337 |
|
|
|a computer
|b c
|2 rdamedia
|
| 338 |
|
|
|a online resource
|b cr
|2 rdacarrier
|
| 347 |
|
|
|a text file
|b PDF
|2 rda
|
| 490 |
1 |
|
|a Lecture Notes in Computer Science,
|x 0302-9743 ;
|v 10015
|
| 505 |
0 |
|
|a Secret sharing -- Quantum cryptography -- Visual cryptography -- Cryptographic protocols.-Entropy, extractors and privacy.
|
| 520 |
|
|
|a This book constitutes the thoroughly refereed proceedings fo the 9th International Conference on Information Theoretic Security, ICITS 2016, held in Tacoma, WA, USA, in August 2016. The 14 full papers presented in this volume were carefully reviewed and selected from 40 submissions. They are organized around the following topics: secret sharing; quantum cryptography; visual cryptography; cryptographic protocols; entropy, extractors and privacy.
|
| 650 |
|
0 |
|a Computer science.
|
| 650 |
|
0 |
|a Computer communication systems.
|
| 650 |
|
0 |
|a Computer security.
|
| 650 |
|
0 |
|a Data encryption (Computer science).
|
| 650 |
|
0 |
|a Coding theory.
|
| 650 |
1 |
4 |
|a Computer Science.
|
| 650 |
2 |
4 |
|a Systems and Data Security.
|
| 650 |
2 |
4 |
|a Data Encryption.
|
| 650 |
2 |
4 |
|a Coding and Information Theory.
|
| 650 |
2 |
4 |
|a Computer Communication Networks.
|
| 700 |
1 |
|
|a Nascimento, Anderson C.A.
|e editor.
|
| 700 |
1 |
|
|a Barreto, Paulo.
|e editor.
|
| 710 |
2 |
|
|a SpringerLink (Online service)
|
| 773 |
0 |
|
|t Springer eBooks
|
| 776 |
0 |
8 |
|i Printed edition:
|z 9783319491745
|
| 830 |
|
0 |
|a Lecture Notes in Computer Science,
|x 0302-9743 ;
|v 10015
|
| 856 |
4 |
0 |
|u http://dx.doi.org/10.1007/978-3-319-49175-2
|z Full Text via HEAL-Link
|
| 912 |
|
|
|a ZDB-2-SCS
|
| 912 |
|
|
|a ZDB-2-LNC
|
| 950 |
|
|
|a Computer Science (Springer-11645)
|